highest grossing rom-coms - Statistics

General Stats
  • This quiz has been taken 37 times
  • The average score is 5 of 15
Answer Stats
year starring gross film % Correct
1978 Olivia Newton-John $722 million Grease
89%
1990 Julia Roberts $395 million Pretty Woman
83%
1993 Meg Ryan $286 million Sleepless in Seattle
60%
1999 Richard Gere $280 million Runaway Bride
37%
1967 Dustin Hoffman $801 million The Graduate
37%
1998 Cameron Diaz $351 million There's Something About Mary
37%
2000 Robert De Niro $288 million Meet the Parents
31%
2002 Nia Vardalos $388 million My Big Fat Greek Wedding
31%
2005 Owen Wilson $305 million Wedding Crashers
31%
2004 Ben Stiller $413 million Meet the Fockers
29%
1982 Jessica Lange $533 million Tootsie
23%
2000 Mel Gibson $310 million What Women Want
20%
1981 Liza Minnelli $304 million Arthur
14%
1952 Betty Hutton $562 million The Greatest Show on Earth
6%
1972 Barbra Streisand $363 million What's Up, Doc?
3%
No matching quizzes found
Score Distribution
Percent of People with Each Score
Percentile by Number Answered
Your Score History
You have not taken this quiz